000 01018nam2a2200277 4500
001 RU\NLR\BIBL_A\022074837
005 20250128194045.0
010 _a978-5-7696-6822-7
021 _aRU
_bКН-П-23-053311
_9КН-П-23-5356
035 _a(NLR Aleph) 022074837
090 _a13318431
_c13318431
100 _a20231116d2023 e y0rusy50 ca
101 0 _asah
102 _aRU
105 _aac z 000 y
181 0 _ai
_baxxe
182 0 _an
200 0 _aЧ.1
203 _aТекст
_bвизуальный
_cнепосредственный
210 _d2023
215 _a191 с.
_eил., портр.
461 0 _1001RU\NLR\BIBL_A\022074827
_12001#$aТөрөөбут литература$e9 кл.$eуопсай үөрэхтээhин тэрилтэлэригэр үөрэх кинигэтэ$f[апт.: Е. М. Поликарпова, Н. Г. Никитина, Н. И. Филиппова, В. Р. Шишигина]$vЧ.1
852 _aNLR
_bОНЛ
_jЯкут./3-3443
942 _cBOOK
980 _aNB